<?xml version="1.0" encoding="UTF-8"?>
<record
    xmlns:xsi="http://www.w3.org/2001/XMLSchema-instance"
    xsi:schemaLocation="http://www.loc.gov/MARC21/slim http://www.loc.gov/standards/marcxml/schema/MARC21slim.xsd"
    xmlns="http://www.loc.gov/MARC21/slim">

  <leader>01606cam a22003251i 4500</leader>
  <controlfield tag="003">SA-RiAUC</controlfield>
  <controlfield tag="005">20260330134555.0</controlfield>
  <controlfield tag="008">260319s1900    ua     g     f000r0 ara c</controlfield>
  <datafield tag="040" ind1=" " ind2=" ">
    <subfield code="a">SA-JeALM</subfield>
    <subfield code="b">ara</subfield>
    <subfield code="c">SA-RiAUC</subfield>
    <subfield code="e">rda</subfield>
  </datafield>
  <datafield tag="043" ind1=" " ind2=" ">
    <subfield code="a">a-su---</subfield>
  </datafield>
  <datafield tag="082" ind1="0" ind2="4">
    <subfield code="a">215.2</subfield>
    <subfield code="q">SA-RiAUC</subfield>
  </datafield>
  <datafield tag="090" ind1=" " ind2=" ">
    <subfield code="a">&#x645; &#x646; 215.2</subfield>
    <subfield code="b">&#x645; &#x62D; &#x645; </subfield>
  </datafield>
  <datafield tag="100" ind1="0" ind2=" ">
    <subfield code="a">&#x645;&#x62D;&#x645;&#x62F; &#x628;&#x62E;&#x64A;&#x62A; &#x628;&#x646; &#x62D;&#x633;&#x64A;&#x646; &#x627;&#x644;&#x645;&#x637;&#x64A;&#x639;&#x64A;&#x60C;</subfield>
    <subfield code="d">1271-1354 &#x647;&#x62C;&#x631;&#x64A;</subfield>
    <subfield code="e">&#x645;&#x624;&#x644;&#x641;.</subfield>
  </datafield>
  <datafield tag="245" ind1="1" ind2="0">
    <subfield code="a">&#x645;&#x642;&#x62F;&#x645;&#x629; &#x634;&#x641;&#x627;&#x621; &#x627;&#x644;&#x633;&#x642;&#x627;&#x645;&#x60C; &#x627;&#x644;&#x645;&#x633;&#x645;&#x627;&#x629;&#x60C; &#x62A;&#x637;&#x647;&#x64A;&#x631; &#x627;&#x644;&#x641;&#x624;&#x627;&#x62F; &#x645;&#x646; &#x62F;&#x646;&#x633; &#x627;&#x644;&#x627;&#x639;&#x62A;&#x642;&#x627;&#x62F; /</subfield>
    <subfield code="c">&#x62A;&#x623;&#x644;&#x64A;&#x641; &#x645;&#x62D;&#x645;&#x62F; &#x628;&#x62E;&#x64A;&#x62A;.</subfield>
  </datafield>
  <datafield tag="246" ind1="3" ind2="3">
    <subfield code="a">&#x62A;&#x637;&#x647;&#x64A;&#x631; &#x627;&#x644;&#x641;&#x624;&#x627;&#x62F; &#x645;&#x646; &#x62F;&#x646;&#x633; &#x627;&#x644;&#x627;&#x639;&#x62A;&#x642;&#x627;&#x62F;</subfield>
  </datafield>
  <datafield tag="250" ind1=" " ind2=" ">
    <subfield code="a">&#x627;&#x644;&#x637;&#x628;&#x639;&#x629; &#x627;&#x644;&#x623;&#x648;&#x644;&#x649;.</subfield>
  </datafield>
  <datafield tag="264" ind1=" " ind2="1">
    <subfield code="a">&#x627;&#x644;&#x642;&#x627;&#x647;&#x631;&#x629; &#x61B;</subfield>
    <subfield code="a">&#x628;&#x648;&#x644;&#x627;&#x642;&#x60C; &#x645;&#x635;&#x631; :</subfield>
    <subfield code="b">&#x627;&#x644;&#x645;&#x637;&#x628;&#x639;&#x629; &#x627;&#x644;&#x643;&#x628;&#x631;&#x649; &#x627;&#x644;&#x623;&#x645;&#x64A;&#x631;&#x64A;&#x629;&#x60C;</subfield>
    <subfield code="c">[1900]</subfield>
  </datafield>
  <datafield tag="300" ind1=" " ind2=" ">
    <subfield code="a">20 &#x635;&#x641;&#x62D;&#x629; &#x61B;</subfield>
    <subfield code="c">29 &#x633;&#x645;</subfield>
  </datafield>
  <datafield tag="336" ind1=" " ind2=" ">
    <subfield code="a">&#x646;&#x635;</subfield>
    <subfield code="b">txt</subfield>
    <subfield code="2">rdacontent</subfield>
    <subfield code="3">&#x643;&#x62A;&#x627;&#x628;</subfield>
  </datafield>
  <datafield tag="337" ind1=" " ind2=" ">
    <subfield code="a">&#x628;&#x62F;&#x648;&#x646; &#x648;&#x633;&#x64A;&#x637;</subfield>
    <subfield code="b">n</subfield>
    <subfield code="2">rdamedia</subfield>
  </datafield>
  <datafield tag="338" ind1=" " ind2=" ">
    <subfield code="a">&#x645;&#x62C;&#x644;&#x62F;</subfield>
    <subfield code="b">nc</subfield>
    <subfield code="2">rdacarrier</subfield>
  </datafield>
  <datafield tag="610" ind1="2" ind2="7">
    <subfield code="a">&#x627;&#x644;&#x645;&#x633;&#x62C;&#x62F; &#x627;&#x644;&#x646;&#x628;&#x648;&#x64A; &#x627;&#x644;&#x634;&#x631;&#x64A;&#x641;</subfield>
    <subfield code="x">&#x641;&#x636;&#x627;&#x626;&#x644;</subfield>
    <subfield code="2">aucnm</subfield>
  </datafield>
  <datafield tag="650" ind1=" " ind2="7">
    <subfield code="a">&#x627;&#x644;&#x623;&#x645;&#x627;&#x643;&#x646; &#x627;&#x644;&#x645;&#x642;&#x62F;&#x633;&#x629; &#x627;&#x644;&#x625;&#x633;&#x644;&#x627;&#x645;&#x64A;&#x629;</subfield>
    <subfield code="z">&#x627;&#x644;&#x633;&#x639;&#x648;&#x62F;&#x64A;&#x629;</subfield>
    <subfield code="2">aucsh</subfield>
  </datafield>
  <datafield tag="650" ind1=" " ind2="7">
    <subfield code="a">&#x632;&#x64A;&#x627;&#x631;&#x629; &#x627;&#x644;&#x645;&#x62F;&#x64A;&#x646;&#x629; &#x627;&#x644;&#x645;&#x646;&#x648;&#x631;&#x629;</subfield>
    <subfield code="2">aucsh</subfield>
  </datafield>
  <datafield tag="700" ind1="1" ind2="2">
    <subfield code="a">&#x62A;&#x642;&#x64A; &#x627;&#x644;&#x62F;&#x64A;&#x646; &#x627;&#x644;&#x633;&#x628;&#x643;&#x64A;&#x60C; &#x639;&#x644;&#x64A; &#x628;&#x646; &#x639;&#x628;&#x62F; &#x627;&#x644;&#x643;&#x627;&#x641;&#x64A; &#x628;&#x646; &#x639;&#x644;&#x64A;&#x60C;</subfield>
    <subfield code="d">683-756 &#x647;&#x62C;&#x631;&#x64A;</subfield>
  </datafield>
  <datafield tag="740" ind1="0" ind2="2">
    <subfield code="a">&#x643;&#x62A;&#x627;&#x628; &#x634;&#x641;&#x627;&#x621; &#x627;&#x644;&#x633;&#x642;&#x627;&#x645; &#x641;&#x64A; &#x632;&#x64A;&#x627;&#x631;&#x629; &#x62E;&#x64A;&#x631; &#x627;&#x644;&#x623;&#x646;&#x627;&#x645; &#x635;&#x644;&#x649; &#x627;&#x644;&#x644;&#x647; &#x639;&#x644;&#x64A;&#x647; &#x648;&#x633;&#x644;&#x645;.</subfield>
  </datafield>
  <datafield tag="740" ind1="0" ind2="2">
    <subfield code="a">&#x634;&#x641;&#x627;&#x621; &#x627;&#x644;&#x633;&#x642;&#x627;&#x645; &#x641;&#x64A; &#x632;&#x64A;&#x627;&#x631;&#x629; &#x62E;&#x64A;&#x631; &#x627;&#x644;&#x623;&#x646;&#x627;&#x645; &#x635;&#x644;&#x649; &#x627;&#x644;&#x644;&#x647; &#x639;&#x644;&#x64A;&#x647; &#x648;&#x633;&#x644;&#x645;.</subfield>
  </datafield>
  <datafield tag="942" ind1=" " ind2=" ">
    <subfield code="2">ddc</subfield>
    <subfield code="c">RBOOK COPY</subfield>
    <subfield code="n">0</subfield>
  </datafield>
  <datafield tag="949" ind1=" " ind2=" ">
    <subfield code="a">SA-JeALM</subfield>
    <subfield code="d">260319</subfield>
    <subfield code="u">mohamedma123</subfield>
    <subfield code="n">1</subfield>
  </datafield>
  <datafield tag="952" ind1=" " ind2=" ">
    <subfield code="0">0</subfield>
    <subfield code="1">0</subfield>
    <subfield code="2">ddc</subfield>
    <subfield code="4">0</subfield>
    <subfield code="7">0</subfield>
    <subfield code="a">WAHAB</subfield>
    <subfield code="b">WAHAB</subfield>
    <subfield code="d">2026-03-30</subfield>
    <subfield code="l">0</subfield>
    <subfield code="o">&#x645; &#x646; 215.2  &#x645; &#x62D; &#x645;</subfield>
    <subfield code="p">000023228</subfield>
    <subfield code="r">2026-03-30 13:46:41</subfield>
    <subfield code="w">2026-03-30</subfield>
    <subfield code="y">RBOOK COPY</subfield>
  </datafield>
  <datafield tag="952" ind1=" " ind2=" ">
    <subfield code="0">0</subfield>
    <subfield code="1">0</subfield>
    <subfield code="2">ddc</subfield>
    <subfield code="4">0</subfield>
    <subfield code="7">0</subfield>
    <subfield code="a">WAHAB</subfield>
    <subfield code="b">WAHAB</subfield>
    <subfield code="d">2026-04-15</subfield>
    <subfield code="l">0</subfield>
    <subfield code="o">&#x645; &#x646; 215.2 &#x645; &#x62D; &#x645;</subfield>
    <subfield code="p">000023384</subfield>
    <subfield code="r">2026-04-15 14:22:46</subfield>
    <subfield code="w">2026-04-15</subfield>
    <subfield code="y">RBOOK COPY</subfield>
  </datafield>
  <datafield tag="999" ind1=" " ind2=" ">
    <subfield code="c">14693</subfield>
    <subfield code="d">14693</subfield>
  </datafield>
</record>
